Statistiques concernant Traduction de vocabulaires Russe #1

Cliquez ici pour prendre le quiz!

Statistiques générales

  • Ce quiz a été pris 148 fois
  • Le résultat moyen est 11 sur 16

Statistiques - réponses

RusseFrançais% Correct
ПриветBonjour
93%
Доброе утроBonjour
93%
НетNon
93%
ДаOui
93%
СпасибоMerci
89%
КрокодилCrocodile
76%
МарияMaria
75%
Добрый вечерBonsoir
70%
КошкаChat
69%
СобакаChien
69%
Я тебя люблюJe t'aime
68%
АндрейAndrei
66%
Я не знаюJe ne sais pas
63%
Может бытьPeut être
43%
С удовольствиемAvec plaisir
31%
Действительно?Vraiment?
18%

Distribution des résultats

Percentile par nombre de réponses

% des personnes avec chaque résultat

Votre développement - résultats

Vous n’avez pas pris ce quiz